Predavšij Gitlera: Martin Borman i padenie Tret'ego Rejcha

Titel: Predavšij Gitlera: Martin Borman i padenie Tret'ego Rejcha / L. Kilzer
Verfasser:
Veröffentlicht: Moskva : EKSMO-Press, 2002
Umfang: 416 S.
Format: Buch
Sprache: Russisch
Schlagworte:
ISBN: 5040089902
Buchumschlag
X
Lokale Klassifikation: 2 B 1170 ; 3 7 Mn
alg: 10994273
001A    $03004:05-03-03 
001B    $01999:09-06-23 $t23:27:15.000 
001C    $03004:04-06-10 $t11:11:39.000 
001D    $03004:05-03-03 
001U    $0utf8 
001X    $00 
002@    $0Aau 
003@    $0109942736 
003O    $0175031970 $aOCoLC 
004A    $05-04-008990-2 
007A    $0109942736 $aHEB 
010@    $arus 
011@    $a2002 
013H    $0z 
021A    $aPredavšij Gitlera: Martin Borman i padenie Tret'ego Rejcha $hL. Kilzer 
022A/01 $aHitler's traitor: Martin Bormann and the defeat of the Reich $rruss. 
028A    $#Kilzer, Louis $D20220215 $Ecgwrk $71159333483 $8Kilzer, Louis C. [Tp6] $9431097062 
033A    $pMoskva $nEKSMO-Press 
034D    $a416 S. 
044K    $#Bormann, Martin $#Borman, Martin $7118513583 $8Bormann, Martin$Z1900-1945 [Tp1] $9086854704 
045F    $a909 $eDDC23BSB 
045F/01 $a909 
045F/03 $f0904 
045F/03 $g43 
046L    $aIn kyrill. Schr., russ. 
046M    $aLiteraturverz. S. [406] - 415 

lok: 10994273 24
101B    $006-12-03 $t23:49:57.000 
101C    $005-03-03 
145Z/01 $a2 B 1170 
145Z/02 $a3 7 Mn 
101U    $0utf8 

exp: 10994273 24 1 #EPN
201B/01 $020-03-12 $t17:10:38.000 
201C/01 $005-03-03 
201U/01 $0utf8 
203@/01 $0181274949 
208@/01 $a05-03-03 $bz 
209A/01 $a03.0846 $du $f050 $h03 0846 $x00 
209C/01 $a03.0846 G $h03 0846 G 
209G/01 $a70447355 $x00 
244Z/01 $#Bormann, Martin $#Borman, Martin $7118513583 $8--Tp1--Bormann, Martin$Z1900-1945 $x01 $9086854704 
247C/01 $8358050-7 Marburg, Bibliothek des Herder-Instituts Marburg $9102600961
LEADER 00000cam a2200000 c 4500
001 109942736
003 DE-603
005 20230609232715.0
007 tu
008 030305s2002 xx |||| | u00||u|rus c
020 |a 5040089902 
035 |a (DE-599)HEB109942736 
035 |a (OCoLC)175031970 
040 |a DE-603  |b ger  |c DE-603  |d DE-603 
041 |a rus 
082 0 4 |8 1\u  |a 909  |q DE-101  |2 23/BSB 
085 |8 1\u  |b 909 
085 |8 1\u  |z 1  |s 0904 
085 |8 1\u  |z 2  |s 43 
100 1 |a Kilzer, Louis C.  |0 (DE-603)431097062  |0 (DE-588)1159333483  |2 gnd 
245 0 0 |a Predavšij Gitlera: Martin Borman i padenie Tret'ego Rejcha  |c L. Kilzer 
264 1 |a Moskva  |b EKSMO-Press  |c 2002 
300 |a 416 S. 
504 |a Literaturverz. S. [406] - 415 
546 |a In kyrill. Schr., russ. 
600 1 7 |a Bormann, Martin  |d 1900-1945  |0 (DE-588)118513583  |0 (DE-603)086854704  |2 gnd 
700 1 2 |a Kilzer, Louis C.  |t Hitler's traitor: Martin Bormann and the defeat of the Reich  |g russ. 
924 0 |9 Mb 50  |a (DE-603)181274949  |b DE-Mb50  |c HES  |d c  |g 03.0846